Flags of German States Map Quiz - Statistics

General Stats
  • This quiz has been taken 60 times
  • The average score is 7 of 16
Answers on the Map
Answers color-coded by a green-red scale on the quiz's map according to % correct below.
 
Answer Stats
Answer % Correct
85%
74%
53%
50%
47%
44%
44%
41%
41%
41%
38%
32%
32%
32%
24%
21%
No matching quizzes found
Score Distribution
Percent of People with Each Score
Percentile by Number Answered
Your Score History
You have not taken this quiz